| 000 | 00477nam a2200133Ia 4500 | ||
|---|---|---|---|
| 008 | 250506s9999 xx 000 0 und d | ||
| 024 | _a07B-101-EE, 07B-119-EE, 07B-124-EE & 07B-133-EE | ||
| 082 | _a621.38456072 SIB | ||
| 100 | _aSibte Umair, Manan Ahmed, Muhammad Touseef & Asmatullah Khan | ||
| 245 | 0 | _aGSM Based Automatic Liquid Beverage Dispenser Machine | |
| 260 |
_aKarachi: _bUIT, _c2007 |
||
| 600 | _aElectronic Engineering | ||
| 650 | _aBachelor of Engineering (BE) | ||
| 999 |
_c27926 _d27926 |
||